000 00501nam a2200181Ia 4500
008 240925s9999 xx 000 0 und d
020 _a130863882
082 _a004.6 STA
100 _aStallings, William
245 0 _aData and Computer Communications
250 _a6th
260 _aNew Delhi:
_bPearson Printice Hall
_c,2000.
300 _a911p.
_bNA
_fOriginal
500 _aIncludes Index
600 _aComputer Science
650 _aComputer science, information & general works
942 _cBK
999 _c6242
_d6242